000 00276nam a22001337a 4500
008 170714b xxu||||| |||| 00| 0 eng d
020 _axx5290e
041 _aeng
080 _a101
100 _a24
101 _aFIL
245 _aUSMLE STEP 1
_cMANLEY,M.S
942 _2udc
_cBK
999 _c20925
_d20925